| 000 | 00629nam a2200241Ia 4500 | ||
|---|---|---|---|
| 008 | 160803s9999 xx 000 0 und d | ||
| 020 | _a9780590446761 | ||
| 100 | _aCaines, Jeanette | ||
| 245 | _aJust us women / | ||
| 245 | _cby Jeannette Caines ; illustrated by Pat Cummings. | ||
| 260 | _aNew York : | ||
| 260 | _bScholastic Inc. | ||
| 260 | _c1982 | ||
| 300 | _a32 pages : | ||
| 300 | _bcolor illustrations ; | ||
| 300 | _c21 x 22 cm | ||
| 500 | _a"Reading rainbow"--Cover. | ||
| 650 | _aAunts -- | ||
| 650 | _aTravel -- | ||
| 650 | _xJuvenile fiction. | ||
| 650 | _xJuvenile fiction. | ||
| 700 | _a610 | ||
| 999 |
_c298965 _d298965 |
||